00373nam a2200133Ia 4500008004100000041000800041082001500049100002100064245006200085250001400147260004000161300002900201365000900230240624s9999 xx 000 0 und d aeng a658.15 DAM aDAMODARAN ASWATH aDAMODARAN ON VALUATION SECURITY ANALYSIS FOR INVESTMENT A a(2nd ed.) c2006aNew YorkbJohn Wiley and Sons ax, : 685 : p. : cm. ; 25 cb28